Cucina Regionale Italiana - Statistics

Statistiche generali
  • Questo quiz è stato fatto 124 volte
    101 dall'ultimo reset
  • Il punteggio medio è 6 su 11
Statistiche sulle risposte
Domanda Risposta % Corretto
Nella Caponata Siciliana qual'è l'ingrediente principale? Melanzane
92%
Quale di questi ingredienti NON si usa nella vera " Pasta alla Gricia"? Pomodoro
90%
Culurgiones sono una specialità Sarda
90%
Il Brasato al Barolo è originario di quale regione? Piemonte
74%
Il CACIUCCO è una zuppa di pesce originaria di: Livorno
73%
La tiella barese è un piatto a base di: Patate, riso e cozze
66%
Pizzoccheri è il nome di una pasta di grano saraceno
62%
Le sagne ncannulate sono una specialità di: Puglia
36%
La ciambotta è un piatto tipico del Sud Italia: Di cosa si tratta? Uno stufato di verdure con patate pomodori e melanzane
23%
Il SCIUSCEDDU è un piatto tipico di quale città siciliana: Messina
22%
In quale piatto si utilizza il "FRICO"? Frittata sarda con pecorino
13%
Nessun quiz corrispondente trovato
Distribuzione punteggi
Percentuale di utenti per punteggio
Percentile per numero di risposta
I tuoi punteggi nel tempo
Non hai fatto questo quiz dall'ultimo reset